| Tag |
First Indicator |
Second Indicator |
Subfields |
| LEADER |
00000cam a22000008a 4500 |
| 001 |
in00000011423 |
| 005 |
20200818120459.0 |
| 008 |
860114s1987 enka b 00110 eng |
| 010 |
|
|
|a 86000253
|
| 020 |
|
|
|a 0853128510 :
|c £65.00
|
| 035 |
|
|
|a (OCoLC)13122085
|
| 035 |
|
|
|9 AAA6104AM
|
| 040 |
|
|
|a DLC
|c DLC
|d m/c
|d TXA
|
| 049 |
|
|
|a TXAM
|c [A12638515]
|
| 050 |
0 |
|
|a TA352
|b .C65 1987
|
| 082 |
0 |
|
|a 620.1/04
|2 19
|
| 100 |
1 |
|
|a Collar, A. R.,
|d 1908-
|
| 245 |
1 |
0 |
|a Matrices and engineering dynamics /
|c A.R. Collar and A. Simpson.
|
| 260 |
|
|
|a Chichester [West Sussex] :
|b E. Horwood ;
|a New York :
|b Halsted Press,
|c 1987.
|
| 263 |
|
|
|a 8704
|
| 300 |
|
|
|a 541 p. :
|b ill.
|
| 336 |
|
|
|a text
|b txt
|2 rdacont
|
| 337 |
|
|
|a unmediated
|b n
|2 rdamedia
|
| 338 |
|
|
|a volume
|b nc
|2 rdacarrier
|
| 490 |
1 |
|
|a Ellis Horwood series in mechanical engineering
|
| 504 |
|
|
|a Bibliography: p. [532]-534.
|
| 500 |
|
|
|a Includes index.
|
| 650 |
|
0 |
|a Dynamics.
|
| 650 |
|
0 |
|a Matrices.
|
| 700 |
1 |
|
|a Simpson, A.
|q (Alan)
|
| 830 |
|
0 |
|a Ellis Horwood series in mechanical engineering.
|
| 999 |
f |
f |
|s 25b2a19e-dc6d-306b-b55b-e1c9b7599429
|i 9b0b6168-fdfd-33fc-a8d1-68007749ddc9
|t 0
|
| 952 |
f |
f |
|p normal
|a Texas A&M University
|b College Station
|c Sterling C. Evans Library
|d Evans: Library Stacks
|t 0
|e TA352 C65 1987
|h Library of Congress classification
|i unmediated -- volume
|m A14851296583
|
| 998 |
f |
f |
|a TA352 C65 1987
|t 0
|l Evans: Library Stacks
|